00748cam a2200193 a 4500008004100000020001500041035001200056100003400068245012600102250001100228260004700239300002100286500001700307504005400324650003600378650003200414651005400446651005400500040506s2003 mx 000 0 spa u a9688106712 aa4368101 aRodríguez de Ita, Guadalupe03aLa Política mexicana de asilo diplomático a la luz del caso guatemalteco (1944-1954) /cGuadalupe Rodríguez de Ita. a1a ed. aMéxico :bInstituto Mora :bSRE, c2003. a140 p. ;c23 cm. a3 ejemplares aIncluye bibliografía, hemerografía e índice 4aRefugiados politicos zMéxico 4aDerecho de asilo zMéxico 4aMéxico xRelaciones internacionales zGuatemala 4aGuatemala xRelaciones internacionales zMéxico